000 00985nam a22002537a 4500
005 20170124103029.0
010 _aB-050445
020 _c120.00
_a8188122092
035 _aB-050445
037 _bCen Lib/Ret
040 _aDPL
_bHN
082 _a
_bशान्ताकु
100 _aशान्ता कुमार
_963284
245 _aक़ैदी /
_cशान्ता कुमार
246 _aQaidi /
_bby Shanta Kumar
260 _aनयी दिल्ली
_bभारतीय प्रकाशन संस्थान
_c2001
270 _bनयी दिल्ली
_a24/4855, अंसारी रोड, दरिया गंज
_e110002
300 _a132पृ.
_c21सेमी(सजिल्द)
650 _aहिन्दी साहित्य
_963285
650 _aउपन्यास
_963286
650 _aHindi literature
_963287
650 _aFiction
_98901
942 _2ddc
_cHN
_h
_mशान्ताकु
999 _c115797
_d115797